000 00577nam a2200193Ia 4500
005 20250508164842.0
008 008 250505s9999 xx 000 0 eng d
037 _aDissertations
040 _aFEDL
_beng
_cFEDL
041 _aeng
_2eng
084 _a371.928, MAR/DI
_qFEDL
100 _aMary Udeh
_9779310
245 0 _aCritical appraisal of the education of the mentally challenged : A case study
260 _c2008
300 _a87p.
546 _aM.Ed dissertation (Delhi University)
942 _cDIS
_h371.928, MAR/DI
999 _c1391589
_d1391589